| 000 | 00546pab a2200205 454500 | ||
|---|---|---|---|
| 008 | 180718b2008 xxu||||| |||| 00| 0 eng d | ||
| 100 | _aAli, Md. Julfikar | ||
| 245 | _aPopulation explosion and dynamism of urbanisation: a case study of West Bengal | ||
| 260 | _c2008 | ||
| 300 | _ap.567-83. | ||
| 362 | _aOct-Dec | ||
| 650 | _aWest Bengal - Population | ||
| 650 | _aUrbanization - India - West Bengal | ||
| 650 | _aUrbanization | ||
| 700 | _aAli, Mantaj | ||
| 700 | _aAsif | ||
| 773 | _aMan in India | ||
| 908 | _aN | ||
| 909 | _a80506 | ||
| 999 |
_c80506 _d80506 |
||